000 00679nam a2200289Ia 4500
005 20260324123936.0
008 008 260324s9999 xx 000 0 eng d
020 _a9781003077206
037 _aEBOOK
040 _aCRL
040 _beng
040 _cCRL
041 _2eng
041 _aeng
084 _qCRL
100 _aRoger Stalley
_91172244
245 0 _aLimerick and South-West Ireland
245 0 _bMedieval Art and Architecture
260 _bTaylor and Francis
260 _c2011
365 _a
365 _b235
856 _uhttp://www.taylorfrancis.com/books/9781003077206
942 _cEBOOK
999 _c1766189
_d1766189